00691nam a22001817a 4500010001500000020002600015035001400041037001300055082001000068100001900078245011000097260004300207270006100250300002300311942002400334999001900358952013200377 aENG-120545 c150.00a9789352616169 aEN-104077 bDBAD/PUB a158.1 aJoginder Singh aOne small step can change your life :cby Joginder Singhblife is not lived with intentions, but action / aNew Delhi bDiamond Pocket Booksc2016 bNew DelhiaX-30, Okhla Industrial Area, Phase-IIe110020 a208p. b22cm(pbk). 2ddccENh158.1mONE c144346d144346 001040708NFICaAVbAVd2017-09-12eDBAD/PUBg150.00l2o158.1 ONEpEN-104077r2024-10-05 00:00:00s2024-10-05t1v150.00yEN